[Event "90th GER-ch 2019"]
[Site "Magdeburg"]
[Date "2019.05.30"]
[Round "7.7"]
[White "Rosner, Jonas"]
[Black "Maetzkow, Maximilian Paul"]
[Result "1-0"]
[WhiteElo "2413"]
[BlackElo "2338"]
[Annotator "ChessBase"]
[PlyCount "37"]
[EventDate "2019.05.26"]
[EventType "tourn"]
[EventCountry "GER"]
[SourceTitle "playchess.com"]
[Source "ChessBase"]
[SourceQuality "1"]
[TimeControl "40/5400+30:1800+30"]

1. e4 {[%emt 0:00:00]} c5 {[%emt 0:00:00]} 2. Nf3 {[%emt 0:00:00]} d6 {[%emt 0:00:00]} 3. d4 {[%emt 0:01:27]} cxd4 {[%emt 0:00:00]} 4. Nxd4 {[%emt 0:00:08]} Nf6 {[%emt 0:00:00]} 5. Nc3 {[%emt 0:00:11]} a6 {[%emt 0:00:00]} 6. f3 {[%emt 0:00:18]} e5 {[%emt 0:00:00]} 7. Nb3 {[%emt 0:00:09]} Be6 {[%emt 0:00:04]} 8. Be3 {[%emt 0:00:30]} Be7 {[%emt 0:00:06]} 9. Qd2 {[%emt 0:00:20]} O-O {[%emt 0:00:15]} 10. O-O-O {[%emt 0:00:46]} a5 {[%emt 0:00:17]} 11. a4 {[%emt 0:01:56]} Nc6 {[%emt 0:01:27]} 12. g4 {[%emt 0:00:38]} Rc8 {[%emt 0:14:16]} 13. Kb1 {[%emt 0:01:54]} Nb4 {[%emt 0:03:27]} 14. g5 {[%emt 0:01:31]} Nh5 {[%emt 0:00:43]} 15. Rg1 {[%emt 0:01:37]} f5 {[%emt 0:32:14]} 16. gxf6 {[%emt 0:03:22]} Nxf6 {[%emt 0:00:56]} 17. Nc5 {[%emt 0:10:19]} Ba2+ {[%emt 0:15:51]} 18. Nxa2 {[%emt 0:03:30]} dxc5 {[%emt 0:00:02]} 19. Bc4+ 1-0

[Event "90th GER-ch 2019"]
[Site "Magdeburg"]
[Date "2019.05.30"]
[Round "7.8"]
[White "Engel, Luis"]
[Black "Pajeken, Jakob Leon"]
[Result "1-0"]
[WhiteElo "2512"]
[BlackElo "2359"]
[Annotator "ChessBase"]
[PlyCount "65"]
[EventDate "2019.05.26"]
[EventType "tourn"]
[EventCountry "GER"]
[SourceTitle "playchess.com"]
[Source "ChessBase"]
[SourceQuality "1"]
[TimeControl "40/5400+30:1800+30"]

1. e4 {[%emt 0:00:00]} e5 {[%emt 0:00:00]} 2. Nf3 {[%emt 0:00:00]} Nc6 {[%emt 0:00:00]} 3. Bb5 {[%emt 0:00:00]} a6 {[%emt 0:00:00]} 4. Ba4 {[%emt 0:00:00]} Nf6 {[%emt 0:00:00]} 5. d3 {[%emt 0:00:00]} d6 {[%emt 0:00:12]} 6. c3 {[%emt 0:00:08]} g6 {[%emt 0:00:08]} 7. O-O {[%emt 0:00:06]} Bg7 {[%emt 0:00:05]} 8. Re1 {[%emt 0:00:06]} O-O {[%emt 0:00:24]} 9. Nbd2 {[%emt 0:00:04]} Bd7 {[%emt 0:01:36]} 10. Nf1 {[%emt 0:00:07]} h6 {[%emt 0:01:39]} 11. Ng3 {[%emt 0:00:38]} Kh7 {[%emt 0:01:28]} 12. h3 {[%emt 0:01:50]} Qe7 {[%emt 0:02:56]} 13. d4 {[%emt 0:03:25]} b5 {[%emt 0:02:38]} 14. Bc2 {[%emt 0:01:10]} Ng8 {[%emt 0:04:12]} 15. Be3 {[%emt 0:03:35]} Rad8 {[%emt 0:06:16]} 16. dxe5 {[%emt 0:10:47]} dxe5 {[%emt 0:03:54]} 17. b4 {[%emt 0:01:13]} Be6 {[%emt 0:05:53]} 18. Qc1 {[%emt 0:02:07]} Rfe8 {[%emt 0:04:18]} 19. Nf5 {[%emt 0:04:35]} gxf5 {[%emt 0:03:50]} 20. exf5 {[%emt 0:00:07]} Kh8 {[%emt 0:00:22]} 21. Bc5 {[%emt 0:01:12]} Qf6 {[%emt 0:00:35]} 22. fxe6 {[%emt 0:00:10]} Qxe6 {[%emt 0:00:50]} 23. a4 {[%emt 0:05:40]} f5 {[%emt 0:06:34]} 24. axb5 {[%emt 0:00:45]} axb5 {[%emt 0:00:06]} 25. Ra6 {[%emt 0:00:59]} e4 {[%emt 0:04:30]} 26. Nd4 {[%emt 0:00:42]} Bxd4 {[%emt 0:03:48]} 27. Bxd4+ {[%emt 0:00:40]} Kh7 {[%emt 0:00:56]} 28. Qf4 {[%emt 0:01:45]} Qd7 {[%emt 0:05:44]} 29. Rxc6 {[%emt 0:02:42]} Qxc6 {[%emt 0:02:10]} 30. Rxe4 {[%emt 0:02:03]} Rf8 {[%emt 0:01:44]} 31. Re5 {[%emt 0:02:12]} Rxd4 {[%emt 0:02:35]} 32. Qxd4 {[%emt 0:00:29]} Qg6 {[%emt 0:00:53]} 33. g4 {[%emt 0:01:06]} 1-0

[Event "90th GER-ch 2019"]
[Site "Magdeburg"]
[Date "2019.05.30"]
[Round "7.9"]
[White "Paul, Johannes"]
[Black "Schulz, Karsten"]
[Result "1/2-1/2"]
[WhiteElo "2364"]
[BlackElo "2227"]
[Annotator "ChessBase"]
[PlyCount "166"]
[EventDate "2019.05.26"]
[EventType "tourn"]
[EventCountry "GER"]
[SourceTitle "playchess.com"]
[Source "ChessBase"]
[SourceQuality "1"]
[TimeControl "40/5400+30:1800+30"]

1. d4 {[%emt 0:00:00]} Nf6 {[%emt 0:00:00]} 2. c4 {[%emt 0:00:00]} g6 {[%emt 0:00:00]} 3. Nc3 {[%emt 0:00:00]} Bg7 {[%emt 0:00:00]} 4. e4 {[%emt 0:00:00]} O-O {[%emt 0:00:07]} 5. Be2 {[%emt 0:01:21]} c6 {[%emt 0:02:25]} 6. Nf3 {[%emt 0:14:56]} d5 {[%emt 0:04:03]} 7. e5 {[%emt 0:00:32]} Ne4 {[%emt 0:00:09]} 8. O-O {[%emt 0:00:13]} Nxc3 {[%emt 0:03:59]} 9. bxc3 {[%emt 0:00:18]} Nd7 {[%emt 0:00:32]} 10. cxd5 {[%emt 0:06:51]} cxd5 {[%emt 0:01:02]} 11. Bf4 {[%emt 0:08:45]} Nb6 {[%emt 0:08:21]} 12. Qd2 {[%emt 0:00:25]} Bg4 {[%emt 0:02:09]} 13. h3 {[%emt 0:02:59]} Bxf3 {[%emt 0:00:17]} 14. Bxf3 {[%emt 0:00:04]} e6 {[%emt 0:02:14]} 15. a4 {[%emt 0:14:21]} Nc4 {[%emt 0:01:42]} 16. Qa2 {[%emt 0:02:32]} Rc8 {[%emt 0:01:35]} 17. Rab1 {[%emt 0:10:23]} Qd7 {[%emt 0:04:07]} 18. Rfc1 {[%emt 0:00:35]} Rc6 {[%emt 0:01:39]} 19. Rb5 {[%emt 0:09:57]} Rfc8 {[%emt 0:08:31]} 20. Rcb1 {[%emt 0:00:29]} b6 {[%emt 0:00:40]} 21. Be2 {[%emt 0:01:05]} Bf8 {[%emt 0:01:36]} 22. Bxc4 {[%emt 0:04:27]} Rxc4 {[%emt 0:00:23]} 23. Bd2 {[%emt 0:00:16]} Be7 {[%emt 0:01:38]} 24. a5 {[%emt 0:01:22]} bxa5 {[%emt 0:02:31]} 25. Rxa5 {[%emt 0:00:33]} R4c7 {[%emt 0:01:11]} 26. Rab5 {[%emt 0:03:41]} Bd8 {[%emt 0:03:49]} 27. R1b3 {[%emt 0:04:21]} Kg7 {[%emt 0:11:00]} 28. Qa1 {[%emt 0:01:06]} Qe7 {[%emt 0:08:32]} 29. Bc1 {[%emt 0:00:53]} Qh4 {[%emt 0:01:32]} 30. Rb7 {[%emt 0:07:37]} Rxb7 {[%emt 0:04:13]} 31. Rxb7 {[%emt 0:00:07]} Bb6 {[%emt 0:00:38]} 32. Bd2 {[%emt 0:03:18]} Qd8 {[%emt 0:02:15]} 33. Qc1 {[%emt 0:01:37]} Rc7 {[%emt 0:11:47]} 34. Bg5 {[%emt 0:00:54]} Rxb7 {[%emt 0:00:34]} 35. Bxd8 {[%emt 0:00:29]} Bxd8 {[%emt 0:00:07]} 36. g4 {[%emt 0:00:55]} g5 {[%emt 0:02:07]} 37. Kg2 {[%emt 0:00:15]} h6 {[%emt 0:00:07]} 38. Qa3 {[%emt 0:00:15]} Be7 {[%emt 0:00:39]} 39. Qa6 {[%emt 0:00:27]} Rc7 {[%emt 0:00:20]} 40. Qa5 {[%emt 0:00:24]} Rb7 {[%emt 0:00:39]} 41. Kf3 {[%emt 0:05:30]} Bf8 {[%emt 0:05:27]} 42. Qa2 {[%emt 0:01:37]} Be7 {[%emt 0:02:28]} 43. Ke3 {[%emt 0:00:29]} Bf8 {[%emt 0:00:24]} 44. Kd3 {[%emt 0:00:13]} Be7 {[%emt 0:00:10]} 45. Kc2 {[%emt 0:00:33]} Bf8 {[%emt 0:00:07]} 46. Qa6 {[%emt 0:00:14]} Rc7 {[%emt 0:00:15]} 47. Kd3 {[%emt 0:00:16]} Kg8 {[%emt 0:00:33]} 48. Qb5 {[%emt 0:00:39]} Kg7 {[%emt 0:02:14]} 49. Qb8 {[%emt 0:00:17]} Rd7 {[%emt 0:00:55]} 50. Qc8 {[%emt 0:00:22]} Re7 {[%emt 0:00:03]} 51. Kc2 {[%emt 0:01:39]} Kg8 {[%emt 0:01:37]} 52. Kb3 {[%emt 0:00:21]} Kg7 {[%emt 0:00:19]} 53. Ka4 {[%emt 0:00:07]} Kg8 {[%emt 0:00:26]} 54. Kb5 {[%emt 0:00:12]} Kg7 {[%emt 0:00:12]} 55. Kc6 {[%emt 0:00:07]} Kg8 {[%emt 0:00:15]} 56. Qa6 {[%emt 0:00:32]} Kg7 {[%emt 0:00:10]} 57. Qf1 {[%emt 0:00:22]} Re8 {[%emt 0:00:44]} 58. Kb7 {[%emt 0:03:00]} Re7+ {[%emt 0:03:16]} 59. Kb8 {[%emt 0:00:11]} Kg8 {[%emt 0:00:27]} 60. Qb5 {[%emt 0:01:07]} Kg7 {[%emt 0:02:16]} 61. Kc8 {[%emt 0:00:08]} Kg8 {[%emt 0:00:15]} 62. Kd8 {[%emt 0:00:14]} Kg7 {[%emt 0:00:22]} 63. h4 {[%emt 0:09:57]} Kg6 {[%emt 0:04:07]} 64. Qd3+ {[%emt 0:01:28]} Kg7 {[%emt 0:00:03]} 65. hxg5 {[%emt 0:00:10]} hxg5 {[%emt 0:00:07]} 66. Qe3 {[%emt 0:00:14]} f6 {[%emt 0:02:20]} 67. exf6+ {[%emt 0:02:18]} Kxf6 {[%emt 0:00:01]} 68. Qe5+ {[%emt 0:00:13]} Kg6 {[%emt 0:00:21]} 69. Qh8 {[%emt 0:01:10]} Kf7 {[%emt 0:03:33]} 70. Qh7+ {[%emt 0:02:25]} Kf6 {[%emt 0:00:40]} 71. Qg8 {[%emt 0:02:19]} Bh6 {[%emt 0:02:12]} 72. f4 {[%emt 0:01:57]} Rf7 {[%emt 0:03:19]} 73. fxg5+ {[%emt 0:03:38]} Bxg5 {[%emt 0:00:20]} 74. Qh8+ {[%emt 0:00:37]} Kg6+ {[%emt 0:01:24]} 75. Ke8 {[%emt 0:00:01]} Re7+ {[%emt 0:03:14]} 76. Kf8 {[%emt 0:00:12]} Rf7+ {[%emt 0:01:09]} 77. Kg8 {[%emt 0:00:36]} Bh6 {[%emt 0:07:01]} 78. Qxh6+ {[%emt 0:00:10]} Kxh6 {[%emt 0:00:01]} 79. Kxf7 {[%emt 0:00:08]} a5 {[%emt 0:00:30]} 80. Kf6 {[%emt 0:00:06]} Kh7 {[%emt 0:00:10]} 81. Kf7 {[%emt 0:00:03]} Kh6 {[%emt 0:00:06]} 82. Kf6 {[%emt 0:00:08]} Kh7 {[%emt 0:00:08]} 83. Kf7 Kh6 1/2-1/2

[Event "90th GER-ch 2019"]
[Site "Magdeburg"]
[Date "2019.05.30"]
[Round "7.10"]
[White "Krastev, Alexander"]
[Black "Schulz, Lukas"]
[Result "1-0"]
[WhiteElo "2344"]
[BlackElo "2302"]
[Annotator "ChessBase"]
[PlyCount "75"]
[EventDate "2019.05.26"]
[EventType "tourn"]
[EventCountry "GER"]
[SourceTitle "playchess.com"]
[Source "ChessBase"]
[SourceQuality "1"]
[TimeControl "40/5400+30:1800+30"]

1. e4 {[%emt 0:00:00]} c5 {[%emt 0:00:00]} 2. Nf3 {[%emt 0:00:00]} Nc6 {[%emt 0:00:00]} 3. Bb5 {[%emt 0:00:00]} d6 {[%emt 0:00:17]} 4. O-O {[%emt 0:00:05]} Bd7 {[%emt 0:00:16]} 5. Re1 {[%emt 0:00:28]} Nf6 {[%emt 0:00:16]} 6. c3 {[%emt 0:00:06]} a6 {[%emt 0:00:50]} 7. Bf1 {[%emt 0:00:10]} Bg4 {[%emt 0:04:01]} 8. d3 {[%emt 0:02:10]} e5 {[%emt 0:04:01]} 9. h3 {[%emt 0:00:29]} Bh5 {[%emt 0:00:18]} 10. Nbd2 {[%emt 0:01:30]} Be7 {[%emt 0:02:27]} 11. a4 {[%emt 0:00:56]} O-O {[%emt 0:13:36]} 12. g4 {[%emt 0:06:06]} Bg6 {[%emt 0:00:10]} 13. Bg2 {[%emt 0:00:13]} d5 {[%emt 0:12:24]} 14. g5 {[%emt 0:10:27]} Nxe4 {[%emt 0:04:58]} 15. dxe4 {[%emt 0:00:19]} dxe4 {[%emt 0:00:04]} 16. Nh4 {[%emt 0:00:26]} e3 {[%emt 0:00:05]} 17. fxe3 {[%emt 0:06:09]} Bd3 {[%emt 0:00:13]} 18. Ne4 {[%emt 0:02:08]} h6 {[%emt 0:11:40]} 19. Nf2 {[%emt 0:16:10]} hxg5 {[%emt 0:06:24]} 20. Qxd3 {[%emt 0:03:53]} gxh4 {[%emt 0:00:04]} 21. Bxc6 {[%emt 0:01:08]} bxc6 {[%emt 0:00:13]} 22. Qxd8 {[%emt 0:00:44]} Rfxd8 {[%emt 0:00:05]} 23. e4 {[%emt 0:00:12]} Rab8 {[%emt 0:00:42]} 24. Re2 {[%emt 0:00:49]} g6 {[%emt 0:02:25]} 25. Be3 {[%emt 0:01:25]} f5 {[%emt 0:02:36]} 26. Rd1 {[%emt 0:01:17]} Rxd1+ {[%emt 0:02:45]} 27. Nxd1 {[%emt 0:00:08]} Kf7 {[%emt 0:00:13]} 28. Bc1 {[%emt 0:03:55]} Ke6 {[%emt 0:02:44]} 29. Kg2 {[%emt 0:00:32]} Rd8 {[%emt 0:01:30]} 30. Nf2 {[%emt 0:00:51]} c4 {[%emt 0:00:41]} 31. Re1 {[%emt 0:03:25]} Rf8 {[%emt 0:01:38]} 32. Nd1 {[%emt 0:06:04]} f4 {[%emt 0:03:09]} 33. Kf3 {[%emt 0:03:41]} Bc5 {[%emt 0:06:01]} 34. Re2 {[%emt 0:00:13]} Kd7 {[%emt 0:07:08]} 35. Bd2 {[%emt 0:01:02]} Kc7 {[%emt 0:02:26]} 36. Be1 {[%emt 0:01:08]} Be7 {[%emt 0:00:43]} 37. Rd2 {[%emt 0:03:19]} Re8 {[%emt 0:01:36]} 38. Nf2 {[%emt 0:01:29]} 1-0

[Event "90th GER-ch 2019"]
[Site "Magdeburg"]
[Date "2019.05.30"]
[Round "7.11"]
[White "Gungl, Theo"]
[Black "Moeller, Dustin"]
[Result "1/2-1/2"]
[WhiteElo "2331"]
[BlackElo "2156"]
[Annotator "ChessBase"]
[PlyCount "71"]
[EventDate "2019.05.26"]
[EventType "tourn"]
[EventCountry "GER"]
[SourceTitle "playchess.com"]
[Source "ChessBase"]
[SourceQuality "1"]
[TimeControl "40/5400+30:1800+30"]

1. e4 {[%emt 0:00:00]} c6 {[%emt 0:00:00]} 2. d4 {[%emt 0:00:00]} d5 {[%emt 0:00:00]} 3. exd5 {[%emt 0:00:00]} cxd5 {[%emt 0:00:00]} 4. Bd3 {[%emt 0:00:00]} Nc6 {[%emt 0:00:00]} 5. c3 {[%emt 0:00:00]} Nf6 {[%emt 0:00:00]} 6. Bf4 {[%emt 0:01:13]} Bg4 {[%emt 0:00:02]} 7. Qb3 {[%emt 0:04:10]} e5 {[%emt 0:00:08]} 8. dxe5 {[%emt 0:12:53]} Nh5 {[%emt 0:00:33]} 9. Be3 {[%emt 0:02:05]} Nxe5 {[%emt 0:00:31]} 10. Bb5+ {[%emt 0:01:14]} Nc6 {[%emt 0:00:07]} 11. Nd2 {[%emt 0:04:23]} Be7 {[%emt 0:16:14]} 12. Ngf3 {[%emt 0:02:51]} O-O {[%emt 0:00:27]} 13. O-O {[%emt 0:05:22]} a6 {[%emt 0:04:46]} 14. Be2 {[%emt 0:08:56]} b5 {[%emt 0:04:47]} 15. h3 {[%emt 0:11:44]} Be6 {[%emt 0:03:31]} 16. Qd1 {[%emt 0:01:58]} Nf6 {[%emt 0:03:48]} 17. Nd4 {[%emt 0:00:33]} Nxd4 {[%emt 0:02:02]} 18. Bxd4 {[%emt 0:00:01]} Ne4 {[%emt 0:02:23]} 19. Re1 {[%emt 0:01:52]} b4 {[%emt 0:08:32]} 20. Bd3 {[%emt 0:17:38]} bxc3 {[%emt 0:07:38]} 21. Nxe4 {[%emt 0:08:33]} dxe4 {[%emt 0:02:25]} 22. Bxe4 {[%emt 0:00:23]} cxb2 {[%emt 0:00:06]} 23. Bxb2 {[%emt 0:00:23]} Qxd1 {[%emt 0:00:14]} 24. Rexd1 {[%emt 0:00:07]} Rab8 {[%emt 0:01:23]} 25. Be5 {[%emt 0:03:48]} Rbd8 {[%emt 0:06:12]} 26. Bb7 {[%emt 0:03:56]} Rxd1+ {[%emt 0:00:19]} 27. Rxd1 {[%emt 0:00:03]} Bxa2 {[%emt 0:00:08]} 28. Bxa6 {[%emt 0:00:04]} Rd8 {[%emt 0:00:29]} 29. Rxd8+ {[%emt 0:02:21]} Bxd8 {[%emt 0:00:02]} 30. Bd4 {[%emt 0:00:09]} Be7 {[%emt 0:00:08]} 31. Be3 {[%emt 0:00:19]} Bd6 {[%emt 0:00:14]} 32. Bd3 {[%emt 0:00:07]} Be6 {[%emt 0:00:08]} 33. Bd4 {[%emt 0:00:07]} Bd5 {[%emt 0:00:06]} 34. Be3 {[%emt 0:00:07]} Be6 {[%emt 0:00:04]} 35. Bd4 {[%emt 0:00:05]} Bd5 {[%emt 0:00:04]} 36. Be3 {[%emt 0:00:06]} 1/2-1/2

[Event "90th GER-ch 2019"]
[Site "Magdeburg"]
[Date "2019.05.30"]
[Round "7.12"]
[White "Trifan, Andrei Ioan"]
[Black "Polster, Christian"]
[Result "1-0"]
[WhiteElo "2268"]
[BlackElo "2236"]
[Annotator "ChessBase"]
[PlyCount "53"]
[EventDate "2019.05.26"]
[EventType "tourn"]
[EventCountry "GER"]
[SourceTitle "playchess.com"]
[Source "ChessBase"]
[SourceQuality "1"]
[TimeControl "40/5400+30:1800+30"]

1. e4 {[%emt 0:00:00]} c5 {[%emt 0:00:00]} 2. Nf3 {[%emt 0:01:02]} d6 {[%emt 0:00:00]} 3. d4 {[%emt 0:00:34]} cxd4 {[%emt 0:00:00]} 4. Nxd4 {[%emt 0:00:03]} Nf6 {[%emt 0:00:00]} 5. Nc3 {[%emt 0:00:21]} a6 {[%emt 0:00:04]} 6. Bg5 {[%emt 0:00:48]} Nbd7 {[%emt 0:00:06]} 7. Qe2 {[%emt 0:00:31]} h6 {[%emt 0:00:23]} 8. Bh4 {[%emt 0:00:50]} g6 {[%emt 0:00:34]} 9. f4 {[%emt 0:01:14]} e5 {[%emt 0:00:21]} 10. fxe5 {[%emt 0:00:32]} dxe5 {[%emt 0:00:47]} 11. O-O-O {[%emt 0:00:15]} Qc7 {[%emt 0:00:44]} 12. Nb3 {[%emt 0:02:29]} b5 {[%emt 0:00:28]} 13. Nd5 {[%emt 0:03:12]} Nxd5 {[%emt 0:00:37]} 14. exd5 {[%emt 0:01:35]} Bd6 {[%emt 0:00:29]} 15. g4 {[%emt 0:07:59]} Kf8 {[%emt 0:03:52]} 16. Nd2 {[%emt 0:03:46]} Kg7 {[%emt 0:04:29]} 17. Ne4 {[%emt 0:04:04]} Rf8 {[%emt 0:10:56]} 18. Bg2 {[%emt 0:02:55]} f5 {[%emt 0:09:56]} 19. gxf5 {[%emt 0:05:33]} gxf5 {[%emt 0:00:35]} 20. Rhg1 {[%emt 0:02:17]} fxe4 {[%emt 0:39:36]} 21. Bxe4+ {[%emt 0:01:07]} Kh8 {[%emt 0:02:00]} 22. Qh5 {[%emt 0:00:09]} Nf6 {[%emt 0:00:41]} 23. Qxh6+ {[%emt 0:00:19]} Nh7 {[%emt 0:00:10]} 24. Bxh7 {[%emt 0:00:16]} Qxh7 {[%emt 0:00:05]} 25. Bf6+ {[%emt 0:00:08]} Rxf6 {[%emt 0:00:06]} 26. Qxf6+ {[%emt 0:00:05]} Qg7 {[%emt 0:00:11]} 27. Qxg7# {[%emt 0:00:06]} 1-0

[Event "90th GER-ch 2019"]
[Site "Magdeburg"]
[Date "2019.05.30"]
[Round "7.13"]
[White "Kardoeus, David"]
[Black "Wachinger, Nikolas"]
[Result "1/2-1/2"]
[WhiteElo "2202"]
[BlackElo "2311"]
[Annotator "ChessBase"]
[PlyCount "118"]
[EventDate "2019.05.26"]
[EventType "tourn"]
[EventCountry "GER"]
[SourceTitle "playchess.com"]
[Source "ChessBase"]
[SourceQuality "1"]
[TimeControl "40/5400+30:1800+30"]

1. e4 {[%emt 0:00:00]} c5 {[%emt 0:00:00]} 2. Nf3 {[%emt 0:00:22]} d6 {[%emt 0:00:33]} 3. d4 {[%emt 0:00:56]} cxd4 {[%emt 0:00:31]} 4. Nxd4 {[%emt 0:00:31]} Nf6 {[%emt 0:00:09]} 5. Nc3 {[%emt 0:00:52]} a6 {[%emt 0:00:10]} 6. Bg5 {[%emt 0:01:10]} Nbd7 {[%emt 0:00:22]} 7. Qe2 {[%emt 0:00:20]} h6 {[%emt 0:00:08]} 8. Bh4 {[%emt 0:00:20]} g6 {[%emt 0:00:03]} 9. f4 {[%emt 0:00:27]} e5 {[%emt 0:00:02]} 10. fxe5 {[%emt 0:00:14]} dxe5 {[%emt 0:00:02]} 11. O-O-O {[%emt 0:00:31]} Qc7 {[%emt 0:00:08]} 12. Nb3 {[%emt 0:00:37]} b5 {[%emt 0:00:03]} 13. Rxd7 {[%emt 0:09:14]} Nxd7 {[%emt 0:00:03]} 14. Nd5 {[%emt 0:00:09]} Qb8 {[%emt 0:00:05]} 15. Na5 {[%emt 0:00:11]} Bb7 {[%emt 0:00:05]} 16. Nf6+ {[%emt 0:02:55]} Nxf6 {[%emt 0:00:03]} 17. Bxf6 {[%emt 0:00:09]} Qc7 {[%emt 0:00:05]} 18. Nxb7 {[%emt 0:00:24]} Rh7 {[%emt 0:00:04]} 19. a4 {[%emt 0:03:09]} bxa4 {[%emt 0:00:19]} 20. Qc4 {[%emt 0:02:50]} Qxb7 {[%emt 0:00:08]} 21. Qxa4+ {[%emt 0:00:55]} Qd7 {[%emt 0:00:08]} 22. Qxd7+ {[%emt 0:02:32]} Kxd7 {[%emt 0:00:02]} 23. Bc4 {[%emt 0:02:15]} Bd6 {[%emt 0:01:33]} 24. Rd1 {[%emt 0:03:17]} Kc7 {[%emt 0:03:04]} 25. h4 {[%emt 0:10:26]} Re8 {[%emt 0:11:15]} 26. c3 {[%emt 0:09:44]} a5 {[%emt 0:07:24]} 27. Kc2 {[%emt 0:01:42]} Kc6 {[%emt 0:03:22]} 28. Ra1 {[%emt 0:14:43]} Bc7 {[%emt 0:01:11]} 29. Rd1 {[%emt 0:08:41]} h5 {[%emt 0:03:36]} 30. Bb3 {[%emt 0:02:49]} Re6 {[%emt 0:03:44]} 31. Bxe6 {[%emt 0:06:47]} fxe6 {[%emt 0:00:03]} 32. Kb3 {[%emt 0:02:42]} Rf7 {[%emt 0:01:55]} 33. Bg5 {[%emt 0:00:50]} Rf2 {[%emt 0:00:31]} 34. Rd2 {[%emt 0:01:19]} Rf1 {[%emt 0:00:04]} 35. Re2 {[%emt 0:01:03]} Kb5 {[%emt 0:00:43]} 36. c4+ {[%emt 0:02:13]} Kc5 {[%emt 0:01:28]} 37. Kc3 {[%emt 0:00:38]} Kc6 {[%emt 0:00:48]} 38. b4 {[%emt 0:09:27]} axb4+ {[%emt 0:00:22]} 39. Kxb4 {[%emt 0:00:10]} Rb1+ {[%emt 0:01:11]} 40. Kc3 {[%emt 0:01:40]} Ba5+ {[%emt 0:00:31]} 41. Kc2 {[%emt 0:12:00]} Rf1 {[%emt 0:04:04]} 42. Be3 {[%emt 0:02:45]} Be1 {[%emt 0:01:29]} 43. Kb3 {[%emt 0:01:31]} Bxh4 {[%emt 0:01:09]} 44. Ra2 {[%emt 0:00:06]} Re1 {[%emt 0:00:26]} 45. Ra6+ {[%emt 0:00:59]} Kb7 {[%emt 0:00:21]} 46. Ra7+ {[%emt 0:00:20]} Kb8 {[%emt 0:00:02]} 47. Bc5 {[%emt 0:00:27]} Rxe4 {[%emt 0:00:59]} 48. Kb4 {[%emt 0:01:15]} Re2 {[%emt 0:07:18]} 49. Kb5 {[%emt 0:00:56]} Bd8 {[%emt 0:02:52]} 50. Kc6 {[%emt 0:03:26]} Rb2 {[%emt 0:02:11]} 51. Rg7 {[%emt 0:02:00]} Kc8 {[%emt 0:02:52]} 52. Rg8 {[%emt 0:01:45]} Rxg2 {[%emt 0:01:20]} 53. Bb6 {[%emt 0:04:02]} Rd2 {[%emt 0:00:04]} 54. Bxd8 {[%emt 0:03:33]} Rxd8 {[%emt 0:00:03]} 55. Rxg6 {[%emt 0:00:07]} Rh8 {[%emt 0:02:28]} 56. Rg3 {[%emt 0:00:10]} h4 {[%emt 0:01:02]} 57. Ra3 {[%emt 0:00:05]} Kb8 {[%emt 0:00:36]} 58. Rb3+ {[%emt 0:00:05]} Kc8 {[%emt 0:00:24]} 59. Ra3 {[%emt 0:00:06]} Kb8 {[%emt 0:00:05]} 1/2-1/2

[Event "90th GER-ch 2019"]
[Site "Magdeburg"]
[Date "2019.05.30"]
[Round "7.14"]
[White "Bastian, Herbert"]
[Black "Adiyaman, Rene"]
[Result "1-0"]
[WhiteElo "2297"]
[BlackElo "2175"]
[Annotator "ChessBase"]
[PlyCount "85"]
[EventDate "2019.05.26"]
[EventType "tourn"]
[EventCountry "GER"]
[SourceTitle "playchess.com"]
[Source "ChessBase"]
[SourceQuality "1"]
[TimeControl "40/5400+30:1800+30"]

1. e4 e5 2. Nf3 Nc6 3. Bc4 Bc5 4. c3 Nf6 5. d3 O-O 6. O-O d5 7. exd5 Nxd5 8. Re1 Re8 9. d4 Nb6 10. Bxf7+ Kxf7 11. Ng5+ Kg8 12. Qc2 e4 13. dxc5 Nc4 14. Na3 Qd5 15. Nb5 Re7 16. b3 N4e5 17. c4 Qd3 18. Qxd3 exd3 19. f4 a6 20. Nc3 Ng6 21. Bd2 h6 22. Nge4 Bf5 23. Ng3 Nd4 24. Rxe7 Nxe7 25. Re1 Kf7 26. Nxf5 Nexf5 27. Kf2 Ne6 28. g4 Nfd4 29. Re5 c6 30. Ne4 Rb8 31. h4 Ne2 32. f5 N6f4 33. g5 hxg5 34. hxg5 Nh5 35. Nd6+ Kf8 36. Ke3 Ng1 37. Re4 Nh3 38. Rh4 N3f4 39. Kf3 g6 40. Bxf4 Nxf4 41. Kxf4 d2 42. Rh1 d1=Q 43. Rxd1 1-0

[Event "90th GER-ch 2019"]
[Site "Magdeburg"]
[Date "2019.05.30"]
[Round "7.15"]
[White "Nosek, Reinhard"]
[Black "Dauth, Benjamin"]
[Result "0-1"]
[WhiteElo "1913"]
[BlackElo "2295"]
[Annotator "ChessBase"]
[PlyCount "50"]
[EventDate "2019.05.26"]
[EventType "tourn"]
[EventCountry "GER"]
[SourceTitle "playchess.com"]
[Source "ChessBase"]
[SourceQuality "1"]
[TimeControl "40/5400+30:1800+30"]

1. d4 {[%emt 0:00:00]} d5 {[%emt 0:00:00]} 2. Nf3 {[%emt 0:00:00]} Nf6 {[%emt 0:00:07]} 3. Bg5 {[%emt 0:00:13]} e6 {[%emt 0:00:05]} 4. e3 {[%emt 0:00:19]} c6 {[%emt 0:01:08]} 5. Bd3 {[%emt 0:00:16]} Be7 {[%emt 0:00:05]} 6. Nbd2 {[%emt 0:00:15]} O-O {[%emt 0:01:47]} 7. h3 {[%emt 0:00:14]} Ne8 {[%emt 0:00:15]} 8. h4 {[%emt 0:01:46]} f6 {[%emt 0:00:43]} 9. Bf4 {[%emt 0:00:07]} Bd6 {[%emt 0:00:15]} 10. Bh2 {[%emt 0:02:40]} Nd7 {[%emt 0:00:54]} 11. Qe2 {[%emt 0:02:07]} Bxh2 {[%emt 0:00:45]} 12. Nxh2 {[%emt 0:01:21]} e5 {[%emt 0:00:47]} 13. c3 {[%emt 0:02:50]} e4 {[%emt 0:00:50]} 14. Bc2 {[%emt 0:00:09]} f5 {[%emt 0:00:12]} 15. Nhf1 {[%emt 0:01:30]} a5 {[%emt 0:00:18]} 16. g4 {[%emt 0:03:47]} fxg4 {[%emt 0:12:46]} 17. Qxg4 {[%emt 0:00:30]} Ne5 {[%emt 0:00:58]} 18. Qe2 {[%emt 0:00:16]} Bg4 {[%emt 0:00:32]} 19. f3 {[%emt 0:00:39]} Nxf3+ {[%emt 0:01:42]} 20. Nxf3 {[%emt 0:00:17]} Bxf3 {[%emt 0:00:14]} 21. Qh2 {[%emt 0:00:11]} Bxh1 {[%emt 0:00:49]} 22. Qxh1 {[%emt 0:00:06]} Nd6 {[%emt 0:00:21]} 23. h5 {[%emt 0:00:48]} Qg5 {[%emt 0:00:55]} 24. O-O-O {[%emt 0:01:03]} Nc4 {[%emt 0:01:56]} 25. h6 {[%emt 0:04:37]} Rxf1 {[%emt 0:02:08]} 0-1